Sports Quiz

Random Sports or Soccer Quiz
Score 0/25 Timer 05:00
0 Plays Today
% Correct
Steven Gerrard
93.5%
Didier Drogba
92.9%
Frank Lampard
90.8%
Giorgio Chiellini
89.7%
John Terry
89.7%
Ruud van Nistelrooy
88%
Luis Suarez
87.5%
Bacary Sagna
84.8%
Roy Keane
83.7%
Patrice Evra
81.5%
Branislav Ivanović
81%
Rudi Völler
78.8%
Rivaldo
77.2%
% Correct
Patrick Kluivert
76.1%
Mauro Icardi
72.3%
Alex Morgan
66.8%
Asamoah Gyan
60.3%
Joey Barton
60.3%
Maxi López
52.2%
Wayne Bridge
52.2%
Erling Braut Håland
43.5%
Otman Bakkal
32.1%
Alf-Inge Håland
31.5%
Fernando Ricksen
25%
Stephan Appiah
25%

You're not logged in!

Compare scores with friends on all Sporcle quizzes.
OR
Log In

Sporcle TV

Today on Sporcle TV


Watch our educational content, quiz creation guides, and fun videos on Sporcle TV.

Show Comments

Extras

Top Quizzes Today


Score Distribution

Paid Content

Your Account Isn't Verified!

In order to create a playlist on Sporcle, you need to verify the email address you used during registration. Go to your Sporcle Settings to finish the process.

Report this User

Report this user for behavior that violates our Community Guidelines.

Details: